Fundamentals of Electrical Engineering and Electronics (Record no. 1074)

MARC details
000 -LEADER
fixed length control field 00384nam a2200145Ia 4500
008 - FIXED-LENGTH DATA ELEMENTS--GENERAL INFORMATION
fixed length control field 191201s2005 xx 000 0 und d
082 ## - DEWEY DECIMAL CLASSIFICATION NUMBER
Classification number 621.3
Item number SAF
100 ## - MAIN ENTRY--PERSONAL NAME
Personal name Sahdev, S K
245 #0 - TITLE STATEMENT
Title Fundamentals of Electrical Engineering and Electronics
250 ## - EDITION STATEMENT
Edition statement 2nd
260 ## - PUBLICATION, DISTRIBUTION, ETC. (IMPRINT)
Place of publication, distribution, etc N.Delhi
Name of publisher, distributor, etc Dhanpat Rai Pubns (P) Ltd
Date of publication, distribution, etc 2005
300 ## - PHYSICAL DESCRIPTION
Extent 653
650 ## - SUBJECT ADDED ENTRY--TOPICAL TERM
Topical term or geographic name as entry element B.Tech(ECE)
942 ## - ADDED ENTRY ELEMENTS (KOHA)
Source of classification or shelving scheme Dewey Decimal Classification
Koha item type Text Books
942 ## - ADDED ENTRY ELEMENTS (KOHA)
-- 3
Holdings
Withdrawn status Lost status Source of classification or shelving scheme Damaged status Not for loan Collection code Home library Current library Date acquired Source of acquisition Cost, normal purchase price Bill Number Total Checkouts Full call number Acc. no. / Barcode Date last seen Bill Date Koha item type Date last borrowed Checked out
    Dewey Decimal Classification     B.Tech(ECE) PIET C-LIBRARY PIET C-LIBRARY 20/01/2007 UDH, Delhi 210.00 CM 4732   621.3 SAF 1338 07/06/2021 22/08/2005 Text Books    
    Dewey Decimal Classification     B.Tech(ECE) PIET C-LIBRARY PIET C-LIBRARY 20/01/2007 UDH, Delhi 210.00 CM 4732   621.3 SAF 1339 04/12/2019 22/08/2005 Text Books    
    Dewey Decimal Classification     B.Tech(ECE) PIET C-LIBRARY PIET C-LIBRARY 20/01/2007 UDH, Delhi 210.00 CM 4732   621.3 SAF 1340 04/12/2019 22/08/2005 Text Books    
    Dewey Decimal Classification     B.Tech(ECE) PIET C-LIBRARY PIET C-LIBRARY 20/01/2007 UDH, Delhi 210.00 CM 4732 3 621.3 SAF 1341 28/11/2023 22/08/2005 Text Books 21/11/2023  
    Dewey Decimal Classification     B.Tech(ECE) PIET C-LIBRARY PIET C-LIBRARY 20/01/2007 UBS, DELHI 210.00 125382   621.3 SAF 3319 04/12/2019 23/08/2005 Text Books    
    Dewey Decimal Classification     B.Tech(ECE) PIET C-LIBRARY PIET C-LIBRARY 20/01/2007 UBS, DELHI 210.00 125382 1 621.3 SAF 3320 05/12/2020 23/08/2005 Text Books 05/12/2020 03/06/2021

Design & Developed by: PIET Central Library
R70 Miles Stone Pattikalyana Samalkha Panipat 132102
mail ID :- [email protected], Phone No:- 0180-2569700 Ex.216